[Event "I Miedzynarodowy Memorial Ireny Warakoms"]
[Site "Suwalki"]
[Date "2017.08.11"]
[Round "3.9"]
[White "Krol, Jan"]
[Black "Bednarska, Julita"]
[Result "0-1"]
[WhiteElo "1379"]
[BlackElo "1260"]
[PlyCount "120"]
[EventDate "2017.??.??"]

1. e4 e5 2. Nf3 Nc6 3. Bc4 Bc5 4. c3 Nf6 5. d3 d6 6. Bb3 O-O 7. h3 h6 8. Nbd2
Be6 9. Bc2 d5 10. Qe2 Re8 11. Nf1 dxe4 12. dxe4 Qe7 13. g4 Nh7 14. Ng3 a6 15.
Nf5 Bxf5 16. gxf5 Qf6 17. Rg1 Kh8 18. Bb3 Rab8 19. Bxf7 Qxf7 20. Nh4 Qf6 21.
Ng6+ Kg8 22. Qc4+ Qf7 23. Qxc5 Nf6 24. b3 Nxe4 25. Qe3 Qxf5 26. f3 Ng5 27. Rxg5
Qxg5 28. Qxg5 hxg5 29. Bxg5 Re6 30. Nh4 Ne7 31. O-O-O Ng6 32. Nf5 Rf8 33. Ne3
Rxf3 34. Nc2 Rxh3 35. c4 e4 36. Re1 Ne5 37. Re3 Rxe3 38. Bxe3 Ng4 39. Kd2 Kf7
40. Bf4 c5 41. Ne3 Nxe3 42. Bxe3 b6 43. Bf2 Kf6 44. Ke3 Kf5 45. a3 g5 46. b4
cxb4 47. axb4 Rc6 48. Kd4 g4 49. Kd5 Rg6 50. Bg3 e3 51. c5 bxc5 52. bxc5 e2 53.
c6 Rxc6 54. Kxc6 Ke4 55. Kc5 Kf3 56. Be1 g3 57. Bc3 g2 58. Bd4 e1=Q 59. Kc4 Qe4
60. Kc5 a5 0-1

[Event "I Miedzynarodowy Memorial Ireny Warakoms"]
[Site "Suwalki"]
[Date "2017.08.11"]
[Round "3.10"]
[White "Milewski, Mateusz"]
[Black "Nowak, Adam"]
[Result "0-1"]
[WhiteElo "1178"]
[BlackElo "1374"]
[PlyCount "64"]
[EventDate "2017.??.??"]

1. e4 d6 2. d4 Nf6 3. Nc3 g6 4. Bd3 Bg7 5. Nge2 O-O 6. Be3 Nc6 7. Qd2 Ng4 8. h3
Nxe3 9. Qxe3 e5 10. d5 Nb4 11. a3 Nxd3+ 12. Qxd3 f5 13. f3 fxe4 14. Nxe4 Bf5
15. c4 Bh6 16. N2c3 Qe7 17. Qc2 Rf7 18. Qb3 Rb8 19. Qc2 Bf4 20. Qe2 Qh4+ 21.
Qf2 Qh6 22. Qxa7 Rbf8 23. Qf2 Bxe4 24. Nxe4 Be3 25. Qg3 Rf5 26. Qg4 Bd4 27. h4
Qe3+ 28. Kd1 Qd3+ 29. Ke1 Rf4 30. Qe6+ Kh8 31. Qe7 Rxe4+ 32. fxe4 Bf2# 0-1

[Event "I Miedzynarodowy Memorial Ireny Warakoms"]
[Site "Suwalki"]
[Date "2017.08.11"]
[Round "4.1"]
[White "Dadello, Barbara"]
[Black "Zielinski, Konrad"]
[Result "0-1"]
[WhiteElo "1384"]
[BlackElo "1573"]
[PlyCount "64"]
[EventDate "2017.??.??"]

1. e4 b6 2. d4 Bb7 3. Nc3 e6 4. f4 Nf6 5. Bd3 Bb4 6. Nge2 Nxe4 7. Bxe4 Bxe4 8.
O-O Bg6 9. a3 Be7 10. Ng3 O-O 11. f5 Bxf5 12. Nxf5 exf5 13. Rxf5 d6 14. Qg4 f6
15. Nd5 Rf7 16. Bh6 Kh8 17. Re1 gxh6 18. Qe4 Nc6 19. Nxf6 Bxf6 20. Qxc6 Bxd4+
21. Kh1 Rxf5 22. Qe4 Bf2 23. Rf1 Re5 24. Qf3 Qf8 25. Qxf8+ Rxf8 26. h3 Re1 27.
Rxe1 Bxe1 28. Kh2 Rf2 29. b4 Rxc2 30. a4 Rc3 31. b5 Bg3+ 32. Kg1 Rc1# 0-1

[Event "I Miedzynarodowy Memorial Ireny Warakoms"]
[Site "Suwalki"]
[Date "2017.08.11"]
[Round "4.2"]
[White "Plichta, Krzysztof"]
[Black "Wielgus, Wojciech"]
[Result "1-0"]
[WhiteElo "1519"]
[BlackElo "1324"]
[PlyCount "101"]
[EventDate "2017.??.??"]

1. e4 e5 2. Nc3 Nf6 3. Bc4 Nc6 4. d3 h6 5. f4 exf4 6. Bxf4 Bc5 7. Nf3 d6 8. Na4
Bb6 9. Nxb6 axb6 10. O-O O-O 11. Qe1 Be6 12. Bxe6 fxe6 13. h3 e5 14. Be3 Ne7
15. Nh4 Qe8 16. Nf5 Nxf5 17. Rxf5 Qg6 18. Qc3 Rac8 19. Raf1 Kh8 20. Qc4 Qf7 21.
Qxf7 Rxf7 22. Bxh6 Ra8 23. a3 Raf8 24. Bg5 Kh7 25. Bxf6 gxf6 26. g4 Kg7 27. Kg2
Rh8 28. g5 Rhf8 29. Rxf6 Rxf6 30. Rxf6 Rxf6 31. gxf6+ Kxf6 32. a4 Kg5 33. Kg3
Kh5 34. h4 c6 35. c4 c5 36. Kh3 b5 37. axb5 b6 38. Kg3 Kh6 39. Kg4 Kg6 40. h5+
Kh6 41. Kh4 Kh7 42. Kg5 Kg7 43. h6+ Kh7 44. Kh5 Kg8 45. Kg6 Kh8 46. h7 d5 47.
exd5 e4 48. d6 exd3 49. d7 d2 50. d8=N d1=Q 51. Nf7# 1-0

[Event "I Miedzynarodowy Memorial Ireny Warakoms"]
[Site "Suwalki"]
[Date "2017.08.11"]
[Round "4.3"]
[White "Backiel, Hubert"]
[Black "Sapinski, Sebastian"]
[Result "1-0"]
[WhiteElo "1341"]
[BlackElo "1386"]
[PlyCount "93"]
[EventDate "2017.??.??"]

1. c4 e5 2. Nc3 Nf6 3. Nf3 Nc6 4. g3 d5 5. cxd5 Nxd5 6. Bg2 Nxc3 7. bxc3 Bd6 8.
O-O O-O 9. d4 exd4 10. cxd4 Re8 11. e3 Bg4 12. Qb3 Rb8 13. Bd2 Qd7 14. Rfc1 Bh3
15. Bxh3 Qxh3 16. Qxf7+ Kxf7 17. Ng5+ Kg8 18. Nxh3 Nd8 19. Ng5 h6 20. Nf3 Nf7
21. Rab1 b6 22. Rb3 c5 23. dxc5 Bxc5 24. Bb4 Bxb4 25. Rxb4 Nd6 26. Rc7 Rb7 27.
Rxb7 Nxb7 28. Rc4 Nc5 29. Kf1 Rd8 30. Ke2 Nd3 31. Nd4 Nc5 32. Nb3 Nxb3 33. axb3
b5 34. Rc7 Ra8 35. e4 a5 36. f4 a4 37. bxa4 Rxa4 38. e5 Ra2+ 39. Kf3 Rxh2 40.
Rb7 Rb2 41. e6 Kf8 42. Rf7+ Kg8 43. Rf5 Rb1 44. e7 Re1 45. Rf8+ Kh7 46. e8=Q
Rxe8 47. Rxe8 1-0

[Event "I Miedzynarodowy Memorial Ireny Warakoms"]
[Site "Suwalki"]
[Date "2017.08.11"]
[Round "4.4"]
[White "Nowak, Adam"]
[Black "Mecelica, Erikas"]
[Result "0-1"]
[WhiteElo "1374"]
[BlackElo "1260"]
[PlyCount "86"]
[EventDate "2017.??.??"]

1. c4 g6 2. Nc3 Bg7 3. g3 c6 4. Bg2 e6 5. e4 Ne7 6. d4 d5 7. cxd5 exd5 8. exd5
Nxd5 9. Nxd5 cxd5 10. Be3 O-O 11. Ne2 Nc6 12. O-O Be6 13. Nf4 Qd7 14. Qd2 Rfd8
15. Rfe1 Re8 16. Rac1 Rac8 17. b4 Bf8 18. a3 a6 19. Qa2 Ne7 20. Nxe6 fxe6 21.
Bh3 Nf5 22. Bxf5 exf5 23. Qd2 b5 24. Kg2 Rc4 25. h4 Bg7 26. f3 Rec8 27. Rxc4
Rxc4 28. Rc1 Qc6 29. Rxc4 bxc4 30. Qc3 Qa4 31. Bc1 Qd1 32. Qe3 Kf7 33. Bd2 Qa1
34. Qf4 h5 35. Be3 Qxa3 36. g4 hxg4 37. fxg4 Qb2+ 38. Kf3 Qc2 39. Qc7+ Kg8 40.
gxf5 Qxf5+ 41. Kg3 Qe4 42. Qd8+ Kh7 43. h5 Qxe3+ 0-1

[Event "I Miedzynarodowy Memorial Ireny Warakoms"]
[Site "Suwalki"]
[Date "2017.08.11"]
[Round "4.5"]
[White "Bednarska, Julita"]
[Black "Sadlak, Rafal"]
[Result "0-1"]
[WhiteElo "1260"]
[BlackElo "1545"]
[PlyCount "72"]
[EventDate "2017.??.??"]

1. e4 e5 2. Nf3 Nc6 3. Bb5 Bc5 4. d3 d5 5. Nxe5 Nge7 6. O-O O-O 7. Bxc6 bxc6 8.
h3 Ng6 9. Nxc6 Qd6 10. Na5 Bxh3 11. Qf3 Be6 12. Nb7 Qc6 13. Nxc5 Qxc5 14. Nc3
d4 15. Ne2 f5 16. c3 fxe4 17. Qxe4 Qb6 18. Qxd4 c5 19. Qe3 Rae8 20. Qd2 Bd5 21.
Qg5 Re5 22. Qg4 Be6 23. Qg3 Rxe2 24. Be3 Rxb2 25. f3 Re2 26. Rae1 Rxa2 27. Rb1
Qc6 28. Rf2 Qd5 29. Rxa2 Qxa2 30. Re1 Qd5 31. d4 c4 32. Qc7 Nh4 33. Bf2 Nxg2
34. Kxg2 Qxf3+ 35. Kg1 Qxf2+ 36. Kh1 Bd5+ 0-1

[Event "I Miedzynarodowy Memorial Ireny Warakoms"]
[Site "Suwalki"]
[Date "2017.08.11"]
[Round "4.6"]
[White "Volkov, Aleksandr"]
[Black "Mykhaylyak, Wiktoria"]
[Result "0-1"]
[WhiteElo "1560"]
[BlackElo "1361"]
[PlyCount "132"]
[EventDate "2017.??.??"]

1. e4 c5 2. f4 Nf6 3. Nc3 d6 4. Nf3 Nc6 5. Bc4 e6 6. d4 d5 7. exd5 exd5 8. Bb5
Bg4 9. O-O Be7 10. Qd3 O-O 11. Bxc6 bxc6 12. Ne5 Qc8 13. dxc5 Bxc5+ 14. Kh1 Bf5
15. Qd1 Qa6 16. Bd2 d4 17. Qe2 Qxe2 18. Nxe2 Ne4 19. Be1 Rac8 20. c3 Rfd8 21.
cxd4 Bxd4 22. Ng3 Nxg3+ 23. Bxg3 Bxb2 24. Rad1 Bxe5 25. fxe5 Be6 26. a3 Rxd1
27. Rxd1 Bd5 28. Bf2 a6 29. Bc5 Rb8 30. Bb4 Rb5 31. Kg1 a5 32. Bc3 Kf8 33. a4
Rc5 34. Rd3 Ke7 35. Kf2 Ke6 36. g4 Rc4 37. Bxa5 Rxa4 38. Bc3 Rxg4 39. Rg3 Rxg3
40. hxg3 h5 41. Ke3 Kf5 42. e6 fxe6 43. Bxg7 c5 44. Bf8 c4 45. Kd4 Kg4 46. Bd6
Kf3 47. Be5 Ke2 48. Kc3 Ke3 49. Bf4+ Ke4 50. Bd6 e5 51. Bb8 Kf5 52. Bc7 e4 53.
Kd4 Bb7 54. Kxc4 Kg4 55. Kd4 Kf3 56. Bf4 Bc6 57. Be5 e3 58. Bf4 e2 59. Bd2 Kf2
60. Ke5 e1=Q+ 61. Bxe1+ Kxe1 62. Kf4 Kf2 63. g4 h4 64. g5 h3 65. g6 Bd5 66. Ke5
Ba2 0-1

[Event "I Miedzynarodowy Memorial Ireny Warakoms"]
[Site "Suwalki"]
[Date "2017.08.11"]
[Round "4.7"]
[White "Jasinowicz, Waclaw"]
[Black "Hancharevich, Heorhi"]
[Result "1-0"]
[WhiteElo "1526"]
[BlackElo "1349"]
[PlyCount "107"]
[EventDate "2017.??.??"]

1. e4 e5 2. Nf3 Nc6 3. Bc4 Bc5 4. c3 Nf6 5. d3 d6 6. Bg5 O-O 7. d4 exd4 8. cxd4
Bb4+ 9. Nc3 h6 10. Bxf6 Qxf6 11. O-O Bxc3 12. bxc3 Na5 13. Bd3 Be6 14. e5 Qd8
15. Qa4 b6 16. Rac1 d5 17. Nd2 c5 18. f4 f5 19. exf6 Rxf6 20. Qc2 c4 21. Bh7+
Kh8 22. Bg6 Nc6 23. f5 Bf7 24. Bxf7 Rxf7 25. Nf3 Qc7 26. Rce1 Re7 27. Rxe7 Qxe7
28. Re1 Qd7 29. Nh4 Re8 30. Qf2 Rxe1+ 31. Qxe1 b5 32. g4 b4 33. cxb4 Nxd4 34.
Qe5 Nc6 35. Qc3 Kg8 36. Ng6 Ne7 37. Qd4 Nxg6 38. fxg6 Qe6 39. Kf2 Qf6+ 40. Qxf6
gxf6 41. a4 Kg7 42. b5 Kxg6 43. a5 Kg5 44. b6 axb6 45. axb6 c3 46. Ke2 c2 47.
Kd2 c1=Q+ 48. Kxc1 Kxg4 49. b7 f5 50. b8=Q f4 51. Kd2 h5 52. Ke2 d4 53. Qd6 f3+
54. Kf2 1-0

[Event "I Miedzynarodowy Memorial Ireny Warakoms"]
[Site "Suwalki"]
[Date "2017.08.11"]
[Round "4.8"]
[White "Ossolinska, Matylda"]
[Black "Norek, Maciej"]
[Result "0-1"]
[WhiteElo "1485"]
[BlackElo "1326"]
[PlyCount "72"]
[EventDate "2017.??.??"]

1. e4 c5 2. Ne2 e6 3. c4 g6 4. Nbc3 Bg7 5. g3 Ne7 6. Bg2 Nbc6 7. d3 Nd4 8. Nxd4
cxd4 9. Ne2 e5 10. O-O d6 11. b3 Bg4 12. h3 Be6 13. Bg5 Qd7 14. Kh2 h6 15. Bd2
h5 16. f4 h4 17. g4 f5 18. exf5 gxf5 19. g5 O-O-O 20. Rc1 Kb8 21. a4 Ng6 22. a5
Rdg8 23. b4 exf4 24. Nxf4 Be5 25. b5 Nxf4 26. Bxf4 Rxg5 27. c5 Bxf4+ 28. Rxf4
dxc5 29. Kh1 Rhg8 30. Rf2 Qg7 31. Qf3 Rg3 32. Qf4+ Ka8 33. Bf1 Rg1+ 34. Kh2 Bd5
35. Rf3 Qg2+ 36. Bxg2 R8xg2# 0-1

[Event "I Miedzynarodowy Memorial Ireny Warakoms"]
[Site "Suwalki"]
[Date "2017.08.11"]
[Round "4.9"]
[White "Olszewski, Pawel"]
[Black "Mucha, Marek"]
[Result "1-0"]
[WhiteElo "1349"]
[BlackElo "1456"]
[PlyCount "73"]
[EventDate "2017.??.??"]

1. e4 d5 2. e5 c5 3. c3 Nc6 4. d4 cxd4 5. cxd4 Bf5 6. Bd3 Bg6 7. Nf3 e6 8. O-O
Qb6 9. a3 Nge7 10. Bxg6 hxg6 11. b4 Nf5 12. Be3 a5 13. Qa4 Be7 14. Nc3 O-O 15.
b5 Nb8 16. Qb3 Nd7 17. g4 Nh4 18. Nxh4 Bxh4 19. g5 f6 20. Nxd5 exd5 21. Qxd5+
Kh7 22. Qxd7 fxg5 23. Qh3 Kg8 24. a4 Rf5 25. Qg2 Raf8 26. Rad1 Qe6 27. d5 Qxe5
28. d6 g4 29. d7 Bd8 30. Qxb7 Rh5 31. Qg2 Bc7 32. Qg3 Qc3 33. Bf4 Qxg3+ 34.
Bxg3 Bxg3 35. fxg3 Rd8 36. b6 Rc5 37. b7 1-0

[Event "I Miedzynarodowy Memorial Ireny Warakoms"]
[Site "Suwalki"]
[Date "2017.08.11"]
[Round "4.10"]
[White "Paszkowski, Krystian"]
[Black "Kieca, Aleksandra"]
[Result "1-0"]
[WhiteElo "1430"]
[BlackElo "1320"]
[PlyCount "157"]
[EventDate "2017.??.??"]

1. d4 d5 2. Bf4 c5 3. e3 Nc6 4. Nf3 Nf6 5. c3 Bf5 6. Bd3 Bg6 7. O-O e6 8. Bb5
Bd6 9. Qa4 Rc8 10. Bxd6 Qxd6 11. Qxa7 O-O 12. Bxc6 Qxc6 13. Ne5 Qc7 14. Qa4 Qb6
15. Nxg6 hxg6 16. Qb3 Qc7 17. dxc5 Qxc5 18. Nd2 Rc6 19. Nf3 Rb6 20. Qc2 Ra8 21.
Rfb1 Ne4 22. Nd2 Nf6 23. Qd3 Rba6 24. a3 Qc7 25. h3 g5 26. Qe2 Ra4 27. g3 g4
28. h4 Qe5 29. c4 dxc4 30. Nxc4 Qb5 31. Rc1 Rc8 32. b3 Ra6 33. Qb2 Rac6 34. a4
Qa6 35. Rd1 Rb8 36. Qe5 Rbc8 37. Rd3 Nd5 38. Rad1 Qa8 39. e4 Nf6 40. Rd6 Rxd6
41. Rxd6 Rd8 42. Rxd8+ Qxd8 43. Qd6 Qc8 44. e5 Nd7 45. Kg2 Nc5 46. Qb6 Nd7 47.
Qb5 Qc7 48. Kh2 Kh7 49. Nd6 f6 50. Qxb7 Qc2 51. Qe4+ Qxe4 52. Nxe4 Nxe5 53. Nc5
Nc6 54. Nxe6 Kg6 55. Kg2 Kf7 56. Nc5 Ke7 57. Nd3 Kd6 58. f3 gxf3+ 59. Kxf3 Nd4+
60. Ke3 Nxb3 61. g4 Ke6 62. Nf4+ Ke5 63. Nd3+ Ke6 64. Nb2 f5 65. g5 g6 66. Nd3
Kf7 67. Ne5+ Kg7 68. Nc4 Kf7 69. a5 Nc5 70. Ne5+ Kg7 71. Nd3 Na6 72. Kd4 Kf7
73. Nc5 Nc7 74. a6 Ke7 75. Kc4 Kd6 76. a7 Kc6 77. h5 f4 78. h6 f3 79. Ne4 1-0

[Event "I Miedzynarodowy Memorial Ireny Warakoms"]
[Site "Suwalki"]
[Date "2017.08.11"]
[Round "5.1"]
[White "Zielinski, Konrad"]
[Black "Backiel, Hubert"]
[Result "1/2-1/2"]
[WhiteElo "1573"]
[BlackElo "1341"]
[PlyCount "91"]
[EventDate "2017.??.??"]

1. Nf3 d5 2. b3 c5 3. Bb2 Nc6 4. e3 Nf6 5. d4 cxd4 6. Nxd4 Nxd4 7. Qxd4 e6 8.
Be2 Bd6 9. O-O O-O 10. c4 b6 11. cxd5 Bc5 12. Qe5 exd5 13. Bf3 Re8 14. Qg5 Be7
15. Nc3 h6 16. Qf4 Bb7 17. Rfd1 Bd6 18. Qd4 Be5 19. Qd2 Qe7 20. Nb5 Qd7 21.
Bxe5 Rxe5 22. Nd4 Ne4 23. Qd3 Rc8 24. Rac1 Ree8 25. h3 Rxc1 26. Rxc1 Rc8 27.
Rxc8+ Qxc8 28. Qc2 Qc3 29. Bxe4 Qe1+ 30. Kh2 dxe4 31. Qc7 Ba6 32. Qxa7 Qxf2 33.
Qxa6 Qxe3 34. Qxb6 Qf4+ 35. Kg1 Qe3+ 36. Kf1 Qd3+ 37. Ne2 e3 38. Qa5 Qb1+ 39.
Qe1 Qxa2 40. b4 Qb2 41. Qc3 Qb1+ 42. Nc1 Qf5+ 43. Ke2 Qf2+ 44. Kd3 Qxg2 45.
Kxe3 Qxh3+ 46. Kd4 1/2-1/2

[Event "I Miedzynarodowy Memorial Ireny Warakoms"]
[Site "Suwalki"]
[Date "2017.08.11"]
[Round "5.2"]
[White "Mecelica, Erikas"]
[Black "Plichta, Krzysztof"]
[Result "0-1"]
[WhiteElo "1260"]
[BlackElo "1519"]
[PlyCount "136"]
[EventDate "2017.??.??"]

1. e4 c6 2. d4 d5 3. Nc3 dxe4 4. Nxe4 Bf5 5. Ng3 Bg6 6. Nf3 Nd7 7. h4 h6 8. h5
Bh7 9. Bc4 e6 10. c3 Ngf6 11. Bd3 Bxd3 12. Qxd3 Qb6 13. b3 O-O-O 14. Be3 Qa5
15. Qc2 Bd6 16. b4 Qd5 17. Qb3 Qxb3 18. axb3 Bxg3 19. fxg3 Ne4 20. Bf4 a6 21.
c4 f6 22. Ke2 Ng5 23. Bxg5 fxg5 24. g4 Nf6 25. Rad1 Nxg4 26. Rhe1 Rhf8 27. Rd3
Rf4 28. Kd2 Re8 29. Kc3 Kd7 30. Ne5+ Nxe5 31. dxe5+ Kc7 32. Ree3 Rd8 33. Rxd8
Kxd8 34. Rd3+ Ke7 35. Rd4 Rf2 36. Rd2 Rf5 37. Re2 g4 38. Re4 Rg5 39. g3 g6 40.
hxg6 Rxg6 41. Kd4 b6 42. Re1 h5 43. Ke4 Rg8 44. Rh1 Rh8 45. Kf4 Rf8+ 46. Kg5
Rf5+ 47. Kg6 Rxe5 48. Rxh5 Re3 49. c5 bxc5 50. bxc5 Rxb3 51. Rh7+ Kd8 52. Kf6
e5 53. Rh8+ Kc7 54. Rh7+ Kb8 55. Kxe5 Rd3 56. Ke6 a5 57. Rh1 a4 58. Ra1 a3 59.
Ke7 Kc7 60. Ke6 Rxg3 61. Kf5 Rb3 62. Kxg4 Kb7 63. Kf5 Ka6 64. Ke5 Kb5 65. Kd6
Rd3+ 66. Kc7 Kxc5 67. Rc1+ Kb4 68. Rxc6 Rc3 0-1

[Event "I Miedzynarodowy Memorial Ireny Warakoms"]
[Site "Suwalki"]
[Date "2017.08.11"]
[Round "5.3"]
[White "Sadlak, Rafal"]
[Black "Dadello, Barbara"]
[Result "1/2-1/2"]
[WhiteElo "1545"]
[BlackElo "1384"]
[PlyCount "69"]
[EventDate "2017.??.??"]

1. e4 c5 2. Nf3 d6 3. d4 Nf6 4. Nc3 cxd4 5. Qxd4 a6 6. e5 Nc6 7. Qa4 dxe5 8.
Nxe5 Bd7 9. Nxd7 Qxd7 10. Bb5 Rc8 11. Bd3 e6 12. Bg5 Be7 13. O-O-O Qc7 14. Rhe1
O-O 15. Qh4 Rfd8 16. Re3 Nb4 17. Rg3 Nxd3+ 18. cxd3 b5 19. Bxf6 Bxf6 20. Qxh7+
Kf8 21. Kd2 Bxc3+ 22. bxc3 Qxc3+ 23. Ke2 Qe5+ 24. Re3 Rc2+ 25. Kf1 Qf6 26. Rf3
Qg5 27. g3 Qg4 28. Kg2 Rc5 29. Qh8+ Ke7 30. Rxf7+ Kxf7 31. Qxd8 Qxd1 32. Qd7+
Kg8 33. Qxe6+ Kh7 34. Qe4+ Kh8 35. Qe8+ 1/2-1/2

[Event "I Miedzynarodowy Memorial Ireny Warakoms"]
[Site "Suwalki"]
[Date "2017.08.11"]
[Round "5.4"]
[White "Mykhaylyak, Wiktoria"]
[Black "Jasinowicz, Waclaw"]
[Result "0-1"]
[WhiteElo "1361"]
[BlackElo "1526"]
[PlyCount "84"]
[EventDate "2017.??.??"]

1. d4 Nf6 2. Nf3 e6 3. Nc3 d5 4. Bf4 Nbd7 5. Nb5 Bd6 6. Bxd6 cxd6 7. Nxd6+ Ke7
8. Nxc8+ Rxc8 9. e3 Qb6 10. Qc1 Ne4 11. Be2 Qa5+ 12. c3 b5 13. a3 Nb6 14. O-O
Nc4 15. Bxc4 bxc4 16. Ne1 Rb8 17. Nc2 Qa4 18. Rb1 Rb6 19. f3 Nf6 20. g4 h6 21.
Ne1 Rhb8 22. Ng2 Rb3 23. Rf2 Qb5 24. h4 Rxa3 25. Ra1 Ra5 26. Kh2 Qa6 27. Rxa5
Qxa5 28. Kh3 g5 29. h5 Qa6 30. Qf1 Rb5 31. e4 Ra5 32. e5 Ng8 33. Ne1 f5 34. f4
Ra1 35. fxg5 hxg5 36. gxf5 exf5 37. Qe2 Qe6 38. Ng2 Rh1+ 39. Kg3 f4+ 40. Nxf4
gxf4+ 41. Kxf4 Qh6+ 42. Kg3 Qg5+ 0-1

[Event "I Miedzynarodowy Memorial Ireny Warakoms"]
[Site "Suwalki"]
[Date "2017.08.11"]
[Round "5.5"]
[White "Wielgus, Wojciech"]
[Black "Paszkowski, Krystian"]
[Result "1/2-1/2"]
[WhiteElo "1324"]
[BlackElo "1430"]
[PlyCount "80"]
[EventDate "2017.??.??"]

1. e4 e6 2. d4 d5 3. Nd2 c5 4. c3 Nc6 5. Ne2 Nf6 6. e5 Nd7 7. Nf3 cxd4 8. cxd4
Be7 9. g3 O-O 10. Bg2 f6 11. exf6 Nxf6 12. O-O Bd6 13. Bf4 Bxf4 14. Nxf4 Qd6
15. Rc1 Bd7 16. Nd3 Rac8 17. Qe2 Ne4 18. Qe3 Nb4 19. Nxb4 Qxb4 20. b3 Qa3 21.
Rxc8 Rxc8 22. Ng5 Nxg5 23. Qxg5 h6 24. Qe5 Qa5 25. f4 Qc7 26. Qh5 Rf8 27. Qe2
Qb6 28. Qd2 Qd6 29. Re1 Rc8 30. Bh3 Re8 31. Re5 Rf8 32. Qe2 Rf6 33. Bg2 Bc6 34.
Qe1 b6 35. Qe2 Bd7 36. Bh3 Qc6 37. Qd2 Kh8 38. Re3 Qd6 39. Rc3 Rf7 40. Re3 Rf6
1/2-1/2

[Event "I Miedzynarodowy Memorial Ireny Warakoms"]
[Site "Suwalki"]
[Date "2017.08.11"]
[Round "5.6"]
[White "Kutylo, Konrad"]
[Black "Olszewski, Pawel"]
[Result "1/2-1/2"]
[WhiteElo "1419"]
[BlackElo "1349"]
[PlyCount "79"]
[EventDate "2017.??.??"]

1. d4 Nf6 2. Nf3 c5 3. c4 e6 4. Nc3 d5 5. e3 b6 6. b3 Bb7 7. Bb2 Bd6 8. Be2 O-O
9. O-O Nbd7 10. Qc2 Rc8 11. Rad1 a6 12. Qb1 Qc7 13. h3 h6 14. Nd2 cxd4 15. exd4
Nh7 16. Bd3 Nhf6 17. Rc1 Bh2+ 18. Kh1 Bf4 19. Rc2 Qd8 20. cxd5 Nxd5 21. Nxd5
Bxd5 22. Be4 Nf6 23. Bxd5 Qxd5 24. Nf3 Qb7 25. Ne5 Nd5 26. Kg1 Rxc2 27. Qxc2
Rc8 28. Qb1 Qc7 29. g3 Bxe5 30. dxe5 Qc2 31. Rc1 Qxb1 32. Rxb1 Rc2 33. Kf1 Nb4
34. Bd4 b5 35. a3 Nd3 36. Rd1 Nc1 37. b4 Nb3 38. Be3 Ra2 39. Rd3 Ra1+ 40. Kg2
1/2-1/2

[Event "I Miedzynarodowy Memorial Ireny Warakoms"]
[Site "Suwalki"]
[Date "2017.08.11"]
[Round "5.7"]
[White "Norek, Maciej"]
[Black "Sumiya, Tongon"]
[Result "1/2-1/2"]
[WhiteElo "1326"]
[BlackElo "1413"]
[PlyCount "110"]
[EventDate "2017.??.??"]

1. e4 c5 2. Nf3 e6 3. d4 cxd4 4. Nxd4 Qc7 5. Nb5 Qb6 6. Be3 Bc5 7. Bxc5 Qxc5 8.
Qd6 Qxc2 9. Nc7+ Kd8 10. Nxa8 Ne7 11. Qxb8 Qc1+ 12. Ke2 Qxb2+ 13. Nd2 Qxa1 14.
Qc7+ Ke8 15. Qc2 Nc6 16. Nf3 Kd8 17. Ke3 g5 18. Nxg5 Qd4+ 19. Ke2 Qf6 20. Nf3
Qxf3+ 21. gxf3 Nd4+ 22. Kd2 Nxc2 23. Kxc2 b6 24. Bb5 Bb7 25. Rd1 d5 26. Nxb6
axb6 27. exd5 exd5 28. Bc4 Rg8 29. Bxd5 Bxd5 30. Rxd5+ Kc7 31. Rf5 Rg7 32. h4
Kd6 33. Rf6+ Ke5 34. Rxb6 Rg2 35. Rh6 Rxf2+ 36. Kb1 Rxf3 37. Rxh7 Kf6 38. Rh5
Kg6 39. Rg5+ Kh6 40. Rg1 Kh5 41. Rh1 f5 42. Kc2 f4 43. Rh2 Ra3 44. Kb2 Rg3 45.
Rf2 f3 46. Kc3 Kxh4 47. Kd3 Kg4 48. Ke4 Rg2 49. Ke3 Rxf2 50. Kxf2 Kf4 51. a4
Ke4 52. a5 Kd5 53. a6 Kc6 54. a7 Kb7 55. Kxf3 Kxa7 1/2-1/2

[Event "I Miedzynarodowy Memorial Ireny Warakoms"]
[Site "Suwalki"]
[Date "2017.08.11"]
[Round "5.8"]
[White "Podlewski, Michal"]
[Black "Verre, Gaetano"]
[Result "1/2-1/2"]
[WhiteElo "1309"]
[BlackElo "1525"]
[PlyCount "66"]
[EventDate "2017.??.??"]

1. d4 Nf6 2. Nf3 g6 3. Nbd2 Bg7 4. e4 d6 5. Bd3 O-O 6. O-O Nbd7 7. c3 Re8 8.
Qe2 e5 9. dxe5 Nxe5 10. Nxe5 Rxe5 11. Nc4 Re7 12. Bg5 h6 13. Bxf6 Bxf6 14. Qc2
Bg7 15. Rfe1 Be6 16. Rad1 Qd7 17. a3 Rae8 18. Nd2 Qc6 19. f3 d5 20. exd5 Bxd5
21. Rxe7 Rxe7 22. Ne4 f5 23. Ng3 Qb6+ 24. Qf2 Qxf2+ 25. Kxf2 Kf7 26. Rd2 Rd7
27. Bb5 c6 28. Bc4 b5 29. Bxd5+ Rxd5 30. Rxd5 cxd5 31. Ne2 Ke7 32. Ke3 Kd6 33.
Kd3 g5 1/2-1/2

[Event "I Miedzynarodowy Memorial Ireny Warakoms"]
[Site "Suwalki"]
[Date "2017.08.11"]
[Round "5.9"]
[White "Zukowski, Pawel"]
[Black "Nowak, Adam"]
[Result "1-0"]
[WhiteElo "1502"]
[BlackElo "1374"]
[PlyCount "83"]
[EventDate "2017.??.??"]

1. e4 d6 2. Nc3 g6 3. Bc4 Bg7 4. f4 Nc6 5. Nf3 Na5 6. Be2 c5 7. O-O Nc6 8. Bc4
Nf6 9. d3 O-O 10. Bb3 a6 11. Ne2 b5 12. c3 Qb6 13. Bc2 Bg4 14. h3 Bxf3 15. Rxf3
a5 16. g4 Qb7 17. g5 Nd7 18. h4 a4 19. h5 f6 20. hxg6 fxg5 21. gxh7+ Kh8 22.
Rh3 g4 23. Rh1 Nf6 24. Ng3 Qd7 25. Nf5 e6 26. Nxg7 Qxg7 27. d4 g3 28. e5 Ng4
29. Qf3 Nf2 30. Qxc6 d5 31. Qxe6 Nxh1 32. Kxh1 Ra6 33. Qxa6 g2+ 34. Kg1 Qg3 35.
Bd2 Qh3 36. Kf2 Qh2 37. Rg1 Rxf4+ 38. Bxf4 Qxf4+ 39. Kxg2 Qg5+ 40. Kf2 Qd2+ 41.
Kf3 Qxc2 42. Qc8+ 1-0

[Event "I Miedzynarodowy Memorial Ireny Warakoms"]
[Site "Suwalki"]
[Date "2017.08.11"]
[Round "5.10"]
[White "Waszkowska, Karolina"]
[Black "Szczygiel, Antoni"]
[Result "0-1"]
[WhiteElo "1344"]
[BlackElo "1396"]
[PlyCount "64"]
[EventDate "2017.??.??"]

1. e4 e6 2. d4 d5 3. Nd2 c5 4. c3 Nc6 5. Bb5 cxd4 6. Bxc6+ bxc6 7. cxd4 Bb4 8.
e5 Ne7 9. Ne2 O-O 10. O-O Ba6 11. Re1 Nf5 12. a3 Ba5 13. b4 Bb6 14. Nf3 Nh4 15.
Bg5 Nxf3+ 16. gxf3 Qxg5+ 17. Ng3 Qf4 18. Nh5 Qxd4 19. Qxd4 Bxd4 20. Rac1 Bc4
21. Rc2 a5 22. Kg2 axb4 23. axb4 Rab8 24. Kh3 Rxb4 25. f4 Ra8 26. Rg1 g6 27.
Nf6+ Kh8 28. Kg4 Bxe5 29. Nd7 Bxf4 30. Rh1 Kg7 31. Rc3 Bd6 32. Kf3 Rd8 0-1

[Event "I Miedzynarodowy Memorial Ireny Warakoms"]
[Site "Suwalki"]
[Date "2017.08.11"]
[Round "6.1"]
[White "Plichta, Krzysztof"]
[Black "Zielinski, Konrad"]
[Result "0-1"]
[WhiteElo "1519"]
[BlackElo "1573"]
[PlyCount "127"]
[EventDate "2017.??.??"]

1. e4 b6 2. d4 Bb7 3. Bd3 e6 4. Nf3 Nf6 5. Qe2 Be7 6. O-O O-O 7. Bg5 h6 8. Bh4
d5 9. e5 Nfd7 10. Bxe7 Qxe7 11. c3 a5 12. g3 Ba6 13. Nh4 c5 14. f4 g6 15. Nd2
Bxd3 16. Qxd3 Kh7 17. Ndf3 Nc6 18. g4 Rg8 19. Kh1 cxd4 20. cxd4 Nb4 21. Qb1
Rac8 22. Rf2 Rc7 23. f5 Qd8 24. a3 Nc6 25. Qd3 Nf8 26. Rg2 Kh8 27. g5 h5 28. f6
Qc8 29. Rg3 Na7 30. Rag1 Rc1 31. Ng2 Nd7 32. Nf4 Qc4 33. Qd2 Rc2 34. Qd1 Rc8
35. Rh3 Rc1 36. Qd2 Rxg1+ 37. Nxg1 Qc1 38. Qf2 Rc2 39. Qf3 Kg8 40. Nxd5 exd5
41. Qxd5 Nf8 42. Qa8 Qxg5 43. Rg3 Qd2 44. Nf3 Rc1+ 45. Ng1 Rc2 46. Nf3 Rc1+ 47.
Rg1 Rxg1+ 48. Kxg1 Qc1+ 49. Kf2 Qxb2+ 50. Kg3 h4+ 51. Kxh4 Qf2+ 52. Kg4 Qg2+
53. Kf4 g5+ 54. Ke3 g4 55. Qxa7 gxf3 56. Qa8 Qe2+ 57. Kf4 Qxh2+ 58. Ke3 Qe2+
59. Kf4 Qh2+ 60. Kg4 f2 61. Qf3 Qg1+ 62. Kh5 f1=Q 63. Qxf1 Qxf1 64. Kg4 0-1

[Event "I Miedzynarodowy Memorial Ireny Warakoms"]
[Site "Suwalki"]
[Date "2017.08.11"]
[Round "6.2"]
[White "Backiel, Hubert"]
[Black "Jasinowicz, Waclaw"]
[Result "1-0"]
[WhiteElo "1341"]
[BlackElo "1526"]
[PlyCount "51"]
[EventDate "2017.??.??"]

1. c4 e5 2. Nc3 b6 3. Nf3 Nc6 4. g3 Bb7 5. Bg2 Nf6 6. d3 Be7 7. Nxe5 O-O 8.
Nxc6 Bxc6 9. O-O Bxg2 10. Kxg2 d5 11. cxd5 Nxd5 12. Bd2 Bf6 13. Qb3 Nxc3 14.
Bxc3 Re8 15. Bxf6 Qxf6 16. e3 c5 17. Rfd1 Qc6+ 18. Kg1 Rad8 19. Rac1 Qf3 20.
Qa4 Qe2 21. d4 Rxe3 22. dxc5 Rd2 23. Rxd2 Qxd2 24. Qd1 Qxd1+ 25. Rxd1 Re8 26.
c6 1-0